Khảo luận văn chương ( thể loại - Tác giả)

Сохранить в:
Библиографические подробности
Главный автор: Hà, Minh Đức
Формат:
Опубликовано: Hà Nội Khoa học xã hội 1997
Предметы:
Метки: Добавить метку
Нет меток, Требуется 1-ая метка записи!
Thư viện lưu trữ: Trung tâm Học liệu Lê Vũ Hùng, Trường Đại học Đồng Tháp
LEADER 00735pam a22002298a 4500
001 00042398
005 20180925150901.0
008 120515s2007 ||||||Viesd
020 # # |c 55000 
041 0 # |a Vie 
082 1 4 |a 895.922 090 02  |b KH108L 
100 1 # |a Hà, Minh Đức 
245 1 0 |a Khảo luận văn chương ( thể loại - Tác giả)  |c Hà Minh Đức 
260 # # |b Khoa học xã hội  |c 1997  |a Hà Nội 
300 # # |a 650 tr.  |c 21cm. 
653 # # |a Khảo luận 
653 # # |a Lịch sử 
653 # # |a Nghiên cứu văn học 
653 # # |a Thế kỷ 19 
852 # # |j KD.0024189 
910 |d 25/09/2018 
980 # # |a Trung tâm Học liệu Lê Vũ Hùng, Trường Đại học Đồng Tháp